The little book of the shrinking dollar : What you can do to protect your money now
Written by New York Times bestselling author Addison Wiggin, a leading economic forecaster, the book explores the reasons for the dollar's decline, and its precarious relationship to other currencies around the world. Filled with invaluable strategies for retirees, savers, and investors who wan...
Bewaard in:
| Hoofdauteur: | |
|---|---|
| Formaat: | Boek |
| Taal: | Undetermined |
| Gepubliceerd in: |
Canada
John Wiley &Sons,Inc.
2012
|
| Onderwerpen: | |
| Tags: |
Voeg label toe
Geen labels, Wees de eerste die dit record labelt!
|
| Thư viện lưu trữ: | Trung tâm Học liệu Trường Đại học Cần Thơ |
|---|
| LEADER | 01068nam a2200229Ia 4500 | ||
|---|---|---|---|
| 001 | CTU_217235 | ||
| 008 | 210402s9999 xx 000 0 und d | ||
| 020 | |c 22.95 | ||
| 082 | |a 332.024 | ||
| 082 | |b W655 | ||
| 100 | |a Wiggin, Addison | ||
| 245 | 4 | |a The little book of the shrinking dollar : | |
| 245 | 0 | |b What you can do to protect your money now | |
| 245 | 0 | |c Addison Wiggin | |
| 260 | |a Canada | ||
| 260 | |b John Wiley &Sons,Inc. | ||
| 260 | |c 2012 | ||
| 520 | |a Written by New York Times bestselling author Addison Wiggin, a leading economic forecaster, the book explores the reasons for the dollar's decline, and its precarious relationship to other currencies around the world. Filled with invaluable strategies for retirees, savers, and investors who want to keep their money safe no matter what lies ahead, the book is your one-stop guide to weathering the storm. | ||
| 650 | |a Finance, Personal,Tài chính, cá nhân | ||
| 650 | |z United States,Hoa Kỳ | ||
| 904 | |i Trinh, Tuyến | ||
| 980 | |a Trung tâm Học liệu Trường Đại học Cần Thơ | ||